Estatísticas para Top 100 filmes do Letterboxd

Clique aqui para jogar o quiz

Estatísticas Gerais

  • Esse quiz foi jogado 56 vezes
  • A pontuação média é 17 de 100

Estatísticas das Respostas

#AnoDiretorFilme% Correto
71972Francis Ford CoppolaO Poderoso Chefão
86%
62019Bong Joon-hoParasita
84%
51974Francis Ford CoppolaO Poderoso Chefão: Parte 2
64%
152002Fernando MeirellesCidade de Deus
48%
522023Christopher NolanOppenheimer
45%
262008Christopher NolanBatman: O Cavaleiro das Trevas
39%
211990Martin ScorseseOs Bons Companheiros
39%
901960Alfred HitchcockPsicose
39%
941968Stanley Kubrick2001: Uma Odisseia no Espaço
36%
131993Steven SpielbergA Lista de Schindler
36%
252001Hayao MiyazakiA Viagem de Chihiro
36%
622002Peter JacksonO Senhor dos Anéis: As Duas Torres
34%
702001Peter JacksonO Senhor dos Anéis: A Sociedade do Anel
34%
202003Peter JacksonO Senhor dos Anéis: O Retorno do Rei
34%
352014Damien ChazelleWhiplash
32%
892009Quentin TarantinoBastardos Inglórios
30%
802002Roman PolanskiO Pianista
27%
512003Park Chan-wookOldboy
25%
561968Sergio LeoneEra uma Vez no Oeste
23%
601954Alfred HitchcockJanela Indiscreta
23%
41954Akira KurosawaOs Sete Samurais
23%
171966Sergio LeoneTrês Homens em Conflito
23%
91994Frank DarabontUm Sonho de Liberdade
23%
21985Elem KlimovVá e Veja
23%
31957Sidney Lumet12 Homens e uma Sentença
20%
281979Francis Ford CoppolaApocalypse Now
20%
391966Ingmar BergmanPersona
20%
661997Hayao MiyazakiPrincesa Mononoke
20%
242007Paul Thomas AndersonSangue Negro
20%
711975Miloš FormanUm Estranho no Ninho
20%
501989Spike LeeFaça a Coisa Certa
18%
11962Masaki KobayashiHarakiri
18%
761962David LeanLawrence da Arábia
18%
922007Joel Coen
Ethan Coen
Onde os Fracos Não Têm Vez
18%
811957Ingmar BergmanO Sétimo Selo
18%
321988Isao TakahataO Túmulo dos Vagalumes
18%
771995Richard LinklaterAntes do amanhecer
16%
332018Rodney Rothman
Peter Ramsey
Bob Persichetti
Homem-Aranha no Aranhaverso
16%
911991Jonathan DemmeO Silêncio dos Inocentes
16%
181985Akira KurosawaRan
16%
292019Céline SciammaRetrato de Uma Jovem em Chamas
16%
311979Andrei TarkovskyStalker
16%
451980Irvin KershnerStar Wars: O Império Contra-Ataca
16%
422016Park Chan-wookA Criada
14%
692004Richard LinklaterAntes do Pôr do Sol
14%
102023Joaquim dos Santos
Justin K. Thompson
Kemp Powers
Homem-Aranha: Através do Aranhaverso
14%
141952Akira KurosawaIkiru
14%
472003Bong Joon-hoMemórias de um Assassino
14%
741982John CarpenterO Enigma de Outro Mundo
14%
821975Andrei TarkovskyO Espelho
14%
341953Yasujirō OzuTokyo Story
14%
782022Daniel Scheinert
Daniel Kwan
Tudo em Todo o Lugar ao Mesmo Tempo
14%
611946Frank CapraA Felicidade Não Se Compra
11%
442000Wong Kar-waiAmor à Flor da Pele
11%
551975Stanley KubrickBarry Lyndon
11%
81963Akira KurosawaCéu e Inferno
11%
401988Giuseppe TornatoreCinema Paradiso
11%
301950Billy WilderCrepúsculo dos Deuses
11%
572010Denis VilleneuveIncêndios
11%
991948Vittorio De SicaLadrões de Bicicleta
11%
161995Mathieu KassovitzLa Haine
11%
861931Charles ChaplinLuzes da Cidade
11%
461984Wim WendersParis, Texas
11%
981950Joseph L. MankiewiczA Malvada
9%
541982Ingmar BergmanFanny e Alexander
9%
271957Stanley KubrickGlória Feita de Sangue
9%
961957Ingmar BergmanMorangos Silvestres
9%
881931Fritz LangM, O Vampiro de Dusseldorf
9%
491997Satoshi KonPerfect Blue
9%
831994Béla TarrSátántangó
9%
371960Billy WilderSe Meu Apartamento Falasse
9%
851994Krzysztof KieślowskiA Fraternidade é Vermelha
7%
431966Andrei TarkovskyAndrei Rublev
7%
652011Asghar FarhadiA Separação
7%
841974Ingmar BergmanCenas de um Casamento
7%
231959Masaki KobayashiGuerra e Humanidade I: Não há Amor Maior
7%
721924Buster KeatonSherlock Jr.
7%
411978Ingmar BergmanSonata de Outono
7%
122000Edward YangYi Yi
7%
361928Carl Theodor DreyerA Paixão de Joana d'Arc
5%
951964Mikhail KalatozovEu Sou Cuba
5%
581959Masaki KobayashiGuerra e Humanidade II - Estrada Para a Eternidade
5%
111961Masaki KobayashiGuerra e Humanidade III: Uma Prece de Soldado
5%
221997Hideaki Anno
Kazuya Tsurumaki
Neon Genesis Evangelion: The End of Evangelion
5%
871957Federico FelliniNoites de Cabíria
5%
971959François TruffautOs Incompreendidos
5%
1001949Yasujirō OzuPai e Filha
5%
631974John CassavetesUma Mulher sob Influência
5%
751977Larisa ShepitkoA Ascensão
2%
681966Gillo PontecorvoA Batalha de Argel
2%
731954Kenji MizoguchiIntendente Sansho
2%
931956Robert BressonUm Condenado à Morte Escapou
2%
191991Edward YangUm Dia Quente de Verão
2%
381964Hiroshi TeshigaharaA Mulher da Areia
0%
481960Jacques BeckerA Um Passo da Liberdade
0%
592012Don HertzfeldtIt’s Such a Beautiful Day
0%
792008Sion SonoLove Exposure
0%
531985Paul SchraderMishima: Uma Vida em Quatro Tempos
0%
671948Emeric Pressburger
Michael Powell
Os Sapatinhos Vermelhos
0%
641957Mikhail KalatozovQuando Voam as Cegonhas
0%

Distribuição das Pontuações

Percentil de Números Respondidos

Porcentagem de Pessoas com Cada Pontuação

Sua Pontuação Histórica

Você não jogou esse quiz